| 000 | 00000nam##2200000za#4500 |
| 001 | 9.575899 |
| 003 | CaOODSP |
| 005 | 20210624184901 |
| 007 | cr ||||||||||| |
| 008 | 150406|2009||||xxc|||||o f|0| 0 eng|d |
| 040 | |aCaOODSP|beng |
| 043 | |an-cn--- |
| 086 | 1 |aTU3-6/09-259E-PDF |
| 110 | 2 |aTransportation Safety Board of Canada. |
| 245 | 10|aNon-main-track-collision between Canadian Pacific Railway Freight Train 870-013, Canadian Pacific Railway Freight Train 2-298-16, and Canadian Pacific Railway Freight Train 2-199-15 Mile 159.31, Weyburn Subdivision North Portal, Saskatchewan , 19 December 2009 |h[electronic resource] |
| 260 | |aOttawa - Ontario : |bTransportation Safety Board of Canada |c[2009]. |
| 300 | |a28p.|bcoloured illus., figs., references |
| 490 | 1 |aRailway investigation report |vR09W0259 |
| 590 | |a13-09-Supp|b2013-04-04 |
| 775 | 08|tCollisions hors d'une voie principale des trains de marchandises 870-013, 2-298-16 et 2-199-15 du Chemin de fer Canadien Pacifique Point milliaire 159,31 de la subdivision Weyburn North Portal (Saskatchewan), le 19 décembre 2009 |w(CaOODSP)9.605288 |
| 830 | #0|aRailway investigation report ;|vR09W0259|w(CaOODSP)9.504849 |
| 856 | 40|ahttp://publications.gc.ca|qPDF|s3271 KB|uhttps://publications.gc.ca/collections/collection_2013/bst-tsb/TU3-6-09-259-eng.pdf|yR09W0259 |